000 00232nam a22000977a 4500
999 _c16214
_d16214
003 OSt
008 200624b ||||| |||| 00| 0 eng d
100 _aJ P Manickkam
_94628
245 _aphysics for the pre universtiy class
942 _cBK